[Event "Gibraltar Masters 2020"]
[Site "Caleta ENG"]
[Date "2020.01.22"]
[Round "2.61"]
[White "Santos Latasa, Jaime"]
[Black "Belenkaya, Dina"]
[Result "1-0"]
[WhiteTitle "GM"]
[BlackTitle "WGM"]
[WhiteElo "2586"]
[BlackElo "2304"]
[WhiteFideId "2293307"]
[BlackFideId "24142654"]
[EventDate "2020.01.21"]

1. d4 d5 2. c4 dxc4 3. e4 Nf6 4. e5 Nd5 5. Bxc4 Nc6 6. Nc3 Nb6 7. Bb5 Be6 8.
Nge2 Qd7 9. Be3 Bc4 10. Bxc4 Nxc4 11. Qb3 N6a5 12. Qc2 Nxe3 13. fxe3 Nc4 14. Qe4
c6 15. b3 Nb6 16. O-O e6 17. Qf3 Nd5 18. Ne4 O-O-O 19. Nf4 Be7 20. Qg3 Rhg8 21.
Qh3 h6 22. Nd3 Rdf8 23. Rf2 b6 24. Rc1 Kb7 25. Rfc2 Ba3 26. Rb1 Be7 27. b4 f5
28. exf6 gxf6 29. Rbc1 Rc8 30. a3 h5 31. Nc3 Nxc3 32. Rxc3 Rg5 33. Nf4 f5 34.
Qf3 a6 35. Nd3 Bd6 36. a4 b5 37. axb5 axb5 38. Ra3 f4 39. Rca1 Bb8 40. Nc5+ Rxc5
41. bxc5 Rg8 42. Ra6 Qd5 43. Rb6+ Kc7 44. Qxd5 exd5 45. exf4 Kd7 46. Ra8 Kc7 47.
f5 1-0

[Event "Gibraltar Masters 2020"]
[Site "Caleta ENG"]
[Date "2020.01.22"]
[Round "2.62"]
[White "Li, Di"]
[Black "Antova, Gabriela"]
[Result "1-0"]
[WhiteTitle "GM"]
[BlackTitle "FM"]
[WhiteElo "2562"]
[BlackElo "2295"]
[WhiteFideId "8607508"]
[BlackFideId "2915235"]
[EventDate "2020.01.21"]

1. Nf3 d5 2. g3 Nf6 3. Bg2 e6 4. O-O Be7 5. d4 O-O 6. Bf4 c5 7. dxc5 Bxc5 8. c4
Nc6 9. Nc3 dxc4 10. Qa4 Qe7 11. Bg5 h6 12. Bxf6 Qxf6 13. Qxc4 Qe7 14. Rfd1 a6
15. Rac1 Ba7 16. Qh4 Qc7 17. Ne4 e5 18. g4 f5 19. gxf5 Bxf5 20. Bh3 Bxh3 21.
Qxh3 Rad8 22. Qe6+ Qf7 23. Qxf7+ Kxf7 24. Nfd2 Ke7 25. e3 Rd5 26. a3 Rfd8 27.
Kf1 g6 28. Ke2 R8d7 29. Rc2 Nd8 30. Rg1 Kf7 31. Rg3 Re7 32. Rc8 Ne6 33. Nc4 Bc5
34. b4 b5 35. Rxc5 Nxc5 36. Ncd6+ Kg8 37. Nf6+ 1-0

[Event "Gibraltar Masters 2020"]
[Site "Caleta ENG"]
[Date "2020.01.22"]
[Round "2.63"]
[White "Gukesh, D"]
[Black "Plotkin, Victor"]
[Result "1-0"]
[WhiteTitle "GM"]
[BlackTitle "FM"]
[WhiteElo "2542"]
[BlackElo "2267"]
[WhiteFideId "46616543"]
[BlackFideId "2606674"]
[EventDate "2020.01.21"]

1. Nf3 d5 2. g3 c6 3. Bg2 Bg4 4. O-O Nd7 5. h3 Bh5 6. d3 e5 7. e4 dxe4 8. dxe4
f6 9. Nbd2 Qc7 10. Nc4 O-O-O 11. Qe2 g5 12. Rd1 Nh6 13. Be3 Kb8 14. a4 Nf7 15.
a5 Be7 16. Qe1 g4 17. hxg4 Bxg4 18. Rd3 Nc5 19. Rxd8+ Rxd8 20. b4 Na6 21. c3 Qd7
22. Nh4 Qe6 23. Bf1 Ng5 24. Bxg5 fxg5 25. Nf5 Nc7 26. Nce3 Bf3 27. Bg2 Bxg2 28.
Kxg2 h5 29. Rd1 Rh8 30. Qd2 Nb5 31. Qd7 Qxd7 32. Rxd7 Bd8 33. c4 Nc3 34. Nd6 Bc7
35. Nef5 Rd8 36. Rxd8+ Bxd8 37. Nf7 Bc7 38. Nxg5 c5 39. bxc5 Bxa5 40. f4 exf4
41. gxf4 Bb4 42. e5 Bxc5 43. Ne6 Bb4 44. Kf3 a5 45. Nfd4 a4 46. Nc2 Be7 47. f5
Kc8 48. f6 Kd7 49. fxe7 Kxe7 50. Nf4 Nb1 51. Ke4 a3 52. Nd5+ Ke6 53. Nd4+ Kd7
54. e6+ Ke8 55. Nb5 1-0

[Event "Gibraltar Masters 2020"]
[Site "Caleta ENG"]
[Date "2020.01.22"]
[Round "2.64"]
[White "Piasetski, Leon"]
[Black "Muzychuk, Anna"]
[Result "0-1"]
[WhiteTitle "IM"]
[BlackTitle "GM"]
[WhiteElo "2219"]
[BlackElo "2539"]
[WhiteFideId "2600072"]
[BlackFideId "14111330"]
[EventDate "2020.01.21"]

1. c4 g6 2. d4 Nf6 3. Nc3 d5 4. Bf4 Bg7 5. Rc1 Nh5 6. Bd2 c5 7. cxd5 cxd4 8. Nb5
Na6 9. Qb3 O-O 10. Nf3 e5 11. e4 b6 12. Qa3 Nc5 13. Bb4 Bg4 14. h3 Bxf3 15. Qxf3
f5 16. Bxc5 bxc5 17. Bc4 Qa5+ 18. Kd1 Rab8 19. d6+ Kh8 20. Rc2 fxe4 21. Qxe4
Rxb5 22. Bxb5 Qxb5 23. b3 Nf4 24. f3 Rd8 25. g3 Ne6 26. h4 Qd7 27. h5 g5 28. h6
Bf6 29. Kc1 Qxd6 30. Kb1 Nc7 0-1

[Event "Gibraltar Masters 2020"]
[Site "Caleta ENG"]
[Date "2020.01.22"]
[Round "2.65"]
[White "Fernandez, Maria Florencia"]
[Black "Beliavsky, Alexander G"]
[Result "1/2-1/2"]
[WhiteTitle "WIM"]
[BlackTitle "GM"]
[WhiteElo "2227"]
[BlackElo "2529"]
[WhiteFideId "116459"]
[BlackFideId "14602377"]
[EventDate "2020.01.21"]

1. d4 Nf6 2. c4 e6 3. Nf3 b6 4. a3 Bb7 5. Nc3 d5 6. Bg5 Be7 7. e3 Nbd7 8. Bd3 h6
9. Bh4 O-O 10. O-O c5 11. Qe2 cxd4 12. exd4 dxc4 13. Bxc4 Nh5 14. Bxe7 Qxe7 15.
d5 Kh8 16. Rfe1 Rac8 17. Ba2 Nc5 18. Qe5 Nf6 19. Rad1 Ba6 20. Bb1 Qc7 21. dxe6
Nxe6 22. Bf5 Bc4 23. Nd2 Qxe5 24. Rxe5 Rfd8 25. Nxc4 Rxd1+ 26. Nxd1 Rxc4 27.
Bxe6 fxe6 28. Rxe6 Rc1 29. Rd6 Ne4 30. Rd8+ Kh7 31. Kf1 Rc2 32. Ke1 a5 33. Rd4
Nc5 34. Rd2 Rc1 35. Rd6 b5 36. b4 axb4 37. axb4 Na4 38. Rd4 Nb2 39. Ke2 Nxd1 40.
Rxd1 Rc4 41. Rb1 Kg6 42. Rb3 Kf6 1/2-1/2

[Event "Gibraltar Masters 2020"]
[Site "Caleta ENG"]
[Date "2020.01.22"]
[Round "2.66"]
[White "Wall, Tim P"]
[Black "Sadhwani, Raunak"]
[Result "0-1"]
[WhiteTitle "FM"]
[BlackTitle "IM"]
[WhiteElo "2218"]
[BlackElo "2522"]
[WhiteFideId "401641"]
[BlackFideId "35093487"]
[EventDate "2020.01.21"]

1. d4 Nf6 2. Nf3 g6 3. g3 Bg7 4. Bg2 O-O 5. O-O d5 6. c3 Nbd7 7. a4 Re8 8. a5 c6
9. Bf4 Nh5 10. Be3 e5 11. dxe5 Nxe5 12. Nbd2 Nxf3+ 13. Nxf3 Rxe3 14. fxe3 Qe7
15. e4 dxe4 16. Nd4 a6 17. b4 Nf6 18. e3 h5 19. Rf4 Bh6 20. Qb3 h4 21. gxh4 Bxf4
22. exf4 Bd7 23. Re1 Re8 24. Qc2 e3 25. f5 Kg7 26. Qd3 Ng4 27. fxg6 Qxh4 28. Nf3
Qf2+ 29. Kh1 Qxe1+ 30. Nxe1 Nf2+ 31. Kg1 Nxd3 32. Nxd3 fxg6 0-1

[Event "Gibraltar Masters 2020"]
[Site "Caleta ENG"]
[Date "2020.01.22"]
[Round "2.67"]
[White "Raja, Harshit"]
[Black "Priyanka, Nutakki"]
[Result "1-0"]
[WhiteTitle "IM"]
[BlackTitle "WIM"]
[WhiteElo "2482"]
[BlackElo "2242"]
[WhiteFideId "5089000"]
[BlackFideId "25049615"]
[EventDate "2020.01.21"]

1. e4 e5 2. Nf3 Nf6 3. Nxe5 d6 4. Nf3 Nxe4 5. d4 d5 6. Bd3 Be7 7. O-O Nc6 8.
Nbd2 Bf5 9. Re1 Nxd2 10. Qxd2 Bxd3 11. Qxd3 O-O 12. Bf4 Qd7 13. Re2 Rae8 14.
Rae1 a6 15. h4 h6 16. g3 b5 17. Qb3 Na5 18. Ne5 Qd8 19. Qc3 b4 20. Qd3 Bd6 21.
Qxa6 Bxe5 22. Bxe5 Nc4 23. b3 Nxe5 24. Rxe5 Rxe5 25. Rxe5 Re8 26. Qb5 Rxe5 27.
dxe5 Qa8 28. Qxb4 Qxa2 29. Qb8+ Kh7 30. Qxc7 Qa1+ 31. Kh2 Qd4 32. Qxf7 Qxe5 33.
Qf3 1-0

[Event "Gibraltar Masters 2020"]
[Site "Caleta ENG"]
[Date "2020.01.22"]
[Round "2.68"]
[White "Pogonina, Natalija"]
[Black "Herzwurm, Robert"]
[Result "1-0"]
[WhiteTitle "WGM"]
[WhiteElo "2479"]
[BlackElo "1979"]
[WhiteFideId "4147855"]
[BlackFideId "4668570"]
[EventDate "2020.01.21"]

1. d4 Nf6 2. c4 g6 3. Nc3 Bg7 4. e4 d6 5. Nf3 O-O 6. Be2 e5 7. O-O exd4 8. Nxd4
Re8 9. f3 c6 10. Kh1 Nbd7 11. Bf4 Nb6 12. Qd2 d5 13. exd5 cxd5 14. c5 Nc4 15.
Bxc4 dxc4 16. Rad1 Be6 17. Ncb5 c3 18. Nxc3 Bc4 19. Rfe1 Rxe1+ 20. Qxe1 Qa5 21.
c6 bxc6 22. Nxc6 Qc5 23. Ne7+ Kh8 24. Bd6 Qb6 25. b3 Be6 26. Na4 Qa6 27. Nc5
Qxa2 28. Nxe6 fxe6 29. Qxe6 Rd8 30. Re1 Qa6 31. Bg3 Qxe6 32. Rxe6 Nh5 33. Bh4 g5
34. Nc6 Rd1+ 35. Re1 Rd6 36. Re8+ Bf8 37. Rxf8+ Kg7 38. Rd8 Rxc6 39. Bxg5 Rc3
40. g4 Nf6 41. Rd6 Rxf3 42. Bxf6+ Rxf6 43. Rxf6 Kxf6 44. Kg2 1-0

[Event "Gibraltar Masters 2020"]
[Site "Caleta ENG"]
[Date "2020.01.22"]
[Round "2.69"]
[White "Enkhtuul, Altan-Ulzii"]
[Black "Song, Raymond"]
[Result "0-1"]
[WhiteTitle "WGM"]
[BlackTitle "IM"]
[WhiteElo "2200"]
[BlackElo "2478"]
[WhiteFideId "4901444"]
[BlackFideId "3203824"]
[EventDate "2020.01.21"]

1. d4 Nf6 2. Nc3 d5 3. Bf4 c5 4. e3 e6 5. Nb5 Na6 6. h3 Be7 7. Nf3 O-O 8. Be2
Bd7 9. O-O c4 10. Nc3 b5 11. Ne5 b4 12. Nb1 Nc7 13. Nd2 Nb5 14. Ndf3 a5 15. Nxd7
Nxd7 16. e4 dxe4 17. Bxc4 exf3 18. Bxb5 fxg2 19. Re1 Nf6 20. Bc6 Rc8 21. Bxg2
Nd5 22. Bg3 Bd6 23. Re2 Bxg3 24. fxg3 Ne7 25. Be4 g6 26. Qd3 Rc7 27. Qe3 Rd7 28.
c3 Qc7 29. Rc1 bxc3 30. bxc3 e5 31. Kh2 f5 32. Bc2 e4 33. Rf2 Kg7 34. Bb3 a4 35.
Be6 Rdd8 36. Rb1 Rf6 37. d5 Nxd5 38. Qd4 Nf4 39. Qxa4 Nxe6 40. Rfb2 Qxc3 41.
Rb7+ Kh6 0-1

[Event "Gibraltar Masters 2020"]
[Site "Caleta ENG"]
[Date "2020.01.22"]
[Round "2.70"]
[White "Spence, David J"]
[Black "Ravi, Teja S."]
[Result "1/2-1/2"]
[BlackTitle "IM"]
[WhiteElo "2146"]
[BlackElo "2464"]
[WhiteFideId "407429"]
[BlackFideId "5017220"]
[EventDate "2020.01.21"]

1. e4 c5 2. c3 Nf6 3. e5 Nd5 4. d4 cxd4 5. cxd4 d6 6. Nf3 Nc6 7. Bc4 Nb6 8. Bb3
dxe5 9. d5 Na5 10. Nc3 Bg4 11. Be3 Nxb3 12. Qxb3 Bxf3 13. gxf3 g6 14. O-O-O Bg7
15. h4 h5 16. Kb1 Qd7 17. d6 exd6 18. Bxb6 axb6 19. Ne4 O-O 20. Rxd6 Qf5 21.
Rhd1 b5 22. R1d3 Rac8 23. a3 Rc4 24. Qxb5 Qc8 25. Ka2 Rd4 26. R3xd4 exd4 27. Qd5
b5 28. Qxb5 Rd8 29. Qc5 Qb8 30. Qb4 Qc7 31. Rxd8+ Qxd8 32. a4 d3 33. a5 1/2-1/2

[Event "Gibraltar Masters 2020"]
[Site "Caleta ENG"]
[Date "2020.01.22"]
[Round "2.71"]
[White "Astaneh Lopez, Alex"]
[Black "Chigaeva, Anastasia"]
[Result "1-0"]
[WhiteTitle "IM"]
[BlackTitle "WFM"]
[WhiteElo "2432"]
[BlackElo "2156"]
[WhiteFideId "2501430"]
[BlackFideId "24131008"]
[EventDate "2020.01.21"]

1. Nf3 d5 2. e3 c6 3. c4 Bg4 4. Nc3 Nf6 5. Qb3 Qb6 6. Ne5 Be6 7. d4 Nbd7 8. Nxd7
Bxd7 9. Na4 Qxb3 10. axb3 O-O-O 11. Nc5 Kb8 12. b4 Bf5 13. b3 e6 14. f3 b6 15.
Na6+ Kb7 16. b5 c5 17. dxc5 bxc5 18. e4 dxe4 19. Be3 Nd7 20. Be2 Be7 21. O-O f6
22. b4 Rc8 23. fxe4 Bxe4 24. Rfd1 Nb8 25. Bxc5 Bxc5+ 26. Nxc5+ Rxc5 27. bxc5 Rc8
28. c6+ Kb6 29. c5+ Kxc5 30. Rxa7 g5 31. c7 1-0

[Event "Gibraltar Masters 2020"]
[Site "Caleta ENG"]
[Date "2020.01.22"]
[Round "2.72"]
[White "Dolzhikova, Olga"]
[Black "Hedman, Erik"]
[Result "1-0"]
[WhiteTitle "WGM"]
[BlackTitle "IM"]
[WhiteElo "2123"]
[BlackElo "2376"]
[WhiteFideId "14105870"]
[BlackFideId "1702351"]
[EventDate "2020.01.21"]

1. e4 c6 2. Nc3 d5 3. Nf3 dxe4 4. Nxe4 Nf6 5. Nxf6+ exf6 6. d4 Bd6 7. Be3 Qb6 8.
Bd3 Qxb2 9. O-O Qb6 10. c4 Qc7 11. c5 Be7 12. Qc2 Be6 13. Rfb1 Nd7 14. Be4 h6
15. Rb2 O-O 16. Rab1 Rab8 17. Nh4 Rfd8 18. Nf5 Bxf5 19. Bxf5 b6 20. Qe4 g6 21.
Bxg6 fxg6 22. Qxg6+ Kh8 23. Qxh6+ Kg8 24. Bf4 Ne5 1-0

[Event "Gibraltar Masters 2020"]
[Site "Caleta ENG"]
[Date "2020.01.22"]
[Round "2.73"]
[White "Praggnanandhaa, R"]
[Black "Oragwu, Chukwunonso"]
[Result "1-0"]
[WhiteTitle "GM"]
[BlackTitle "FM"]
[WhiteElo "2602"]
[BlackElo "2220"]
[WhiteFideId "25059530"]
[BlackFideId "8501254"]
[EventDate "2020.01.21"]

1. e4 d5 2. exd5 Qxd5 3. Nc3 Qd8 4. d4 g6 5. Nf3 Bg7 6. h3 Nf6 7. Bb5+ c6 8. Bd3
O-O 9. O-O Nbd7 10. Re1 c5 11. Be3 cxd4 12. Bxd4 Re8 13. Bc4 e6 14. Qe2 a6 15.
Rad1 Qe7 16. a4 h6 17. Rd2 Qf8 18. Qd1 Qb4 19. Bb3 b6 20. Ne5 Nxe5 21. Bxe5 Bb7
22. Rd4 Qa5 23. Ba2 b5 24. b4 Qb6 25. Rd6 Qa7 26. axb5 axb5 27. Bb3 Rac8 28.
Nxb5 Qa8 29. f3 Bc6 30. Nd4 Qa7 31. Kh1 Ba8 32. Nxe6 Nh5 33. Nxg7 Rxe5 34. Rxe5
Nxg7 35. Qd4 1-0

[Event "Gibraltar Masters 2020"]
[Site "Caleta ENG"]
[Date "2020.01.22"]
[Round "2.74"]
[White "Can, Emre"]
[Black "Cherniack, Alex"]
[Result "1-0"]
[WhiteTitle "GM"]
[WhiteElo "2600"]
[BlackElo "2211"]
[WhiteFideId "6302181"]
[BlackFideId "2007606"]
[EventDate "2020.01.21"]

1. d4 Nf6 2. c4 e6 3. Nf3 d5 4. Nc3 Bb4 5. Qb3 c5 6. dxc5 Nc6 7. Bg5 dxc4 8.
Qxc4 Qa5 9. Bxf6 gxf6 10. Rc1 Qxc5 11. Qf4 Qe7 12. g3 O-O 13. Bg2 e5 14. Qh6 Nd4
15. Nd2 Bxc3 16. Rxc3 Bf5 17. e3 Rfd8 18. g4 Bg6 19. Ne4 f5 20. exd4 fxe4 21.
dxe5 Qd7 22. O-O Qxg4 23. Rg3 Qe2 24. h4 Kh8 25. Rg5 e3 26. h5 Rd1 27. hxg6
exf2+ 28. Kh2 fxg6 29. Rxd1 Qxd1 30. Rxg6 Qg1+ 31. Kh3 Qh1+ 32. Bxh1 f1=Q+ 33.
Bg2 Qf5+ 34. Rg4 Qxe5 35. Be4 Qe7 36. Rh4 Qd7+ 37. Kh2 Re8 38. Qf6+ Kg8 39.
Bxh7+ 1-0

[Event "Gibraltar Masters 2020"]
[Site "Caleta ENG"]
[Date "2020.01.22"]
[Round "2.75"]
[White "Kosteniuk, Alexandra"]
[Black "De Lange, Job"]
[Result "1-0"]
[WhiteTitle "GM"]
[WhiteElo "2504"]
[BlackElo "2211"]
[WhiteFideId "4128125"]
[BlackFideId "1001191"]
[EventDate "2020.01.21"]

1. e4 g6 2. d4 Bg7 3. Nc3 c6 4. Bc4 d6 5. Bb3 Nf6 6. f4 O-O 7. Nf3 c5 8. dxc5
Qa5 9. O-O Qxc5+ 10. Kh1 Nc6 11. Qe1 Qh5 12. a4 Bd7 13. Be3 Rac8 14. Rd1 Bh6 15.
Bc1 Bg4 16. Nd5 Nxd5 17. Rxd5 e5 18. fxe5 Be6 19. Bxh6 Qxh6 20. Rxd6 Bxb3 21.
cxb3 Rce8 22. Rd7 Re7 23. Rxe7 Nxe7 24. Qb4 1-0

[Event "Gibraltar Masters 2020"]
[Site "Caleta ENG"]
[Date "2020.01.22"]
[Round "2.76"]
[White "Bilguun, Sumiya"]
[Black "Byron, Alan M"]
[Result "1-0"]
[WhiteTitle "IM"]
[WhiteElo "2486"]
[BlackElo "2208"]
[WhiteFideId "4901541"]
[BlackFideId "401773"]
[EventDate "2020.01.21"]

1. e4 e5 2. Nf3 Nc6 3. Bc4 Nf6 4. d3 Be7 5. O-O d6 6. a4 Na5 7. Ba2 c5 8. Ng5
O-O 9. f4 h6 10. Nf3 exf4 11. Bxf4 d5 12. e5 Nh7 13. Nc3 Be6 14. Ne2 Re8 15. Bg3
Ng5 16. Nf4 Nc6 17. Nxg5 Bxg5 18. Nxe6 fxe6 19. Qg4 Nd4 20. h4 Be3+ 21. Kh2 Nxc2
22. d4 cxd4 23. Qg6 Qc7 24. Bxd5 exd5 25. e6 1-0

[Event "Gibraltar Masters 2020"]
[Site "Caleta ENG"]
[Date "2020.01.22"]
[Round "2.77"]
[White "Cholleti, Sahajasri"]
[Black "Roussel-Roozmon, Thomas"]
[Result "1/2-1/2"]
[WhiteTitle "WFM"]
[BlackTitle "GM"]
[WhiteElo "2202"]
[BlackElo "2473"]
[WhiteFideId "5045118"]
[BlackFideId "2603659"]
[EventDate "2020.01.21"]

1. Nf3 Nf6 2. c4 e6 3. g3 d5 4. Bg2 dxc4 5. Qa4+ Nbd7 6. Qxc4 a6 7. Qc2 c5 8.
O-O b5 9. a4 Bb7 10. b3 Be7 11. Bb2 O-O 12. d3 Nd5 13. Nc3 Nb4 14. Qd2 Qb6 15.
Rfd1 e5 16. e3 Rad8 17. Qe2 Rfe8 18. Ne1 Bxg2 19. Kxg2 Bf8 20. Nf3 Qc6 21. axb5
axb5 22. Ra5 Rb8 23. Rda1 Nd5 24. Ra6 Rb6 25. Rxb6 N7xb6 26. Nxd5 Qxd5 27. Qc2
f6 28. e4 Qc6 29. Bc3 Ra8 30. Rxa8 Qxa8 31. Bd2 g6 32. Be3 Qa3 33. Nd2 1/2-1/2

[Event "Gibraltar Masters 2020"]
[Site "Caleta ENG"]
[Date "2020.01.22"]
[Round "2.78"]
[White "Janzelj, Lara"]
[Black "Kovacevic, Blazimir"]
[Result "1-0"]
[WhiteTitle "WIM"]
[BlackTitle "GM"]
[WhiteElo "2195"]
[BlackElo "2451"]
[WhiteFideId "14608391"]
[BlackFideId "14502712"]
[EventDate "2020.01.21"]

1. d4 f5 2. c4 Nf6 3. Nf3 g6 4. Nc3 Bg7 5. e3 d6 6. b4 c5 7. bxc5 dxc5 8. Bb2
O-O 9. Be2 cxd4 10. exd4 Nc6 11. d5 Na5 12. O-O Ne4 13. Qc2 Nc5 14. Rad1 Bd7 15.
Nb5 Bxb2 16. Qxb2 Bxb5 17. cxb5 Rc8 18. Nd4 Qb6 19. Qb4 Rfd8 20. Bf3 Rd6 21.
Rfe1 Qd8 22. Ne6 Nxe6 23. dxe6 Nc4 24. Rxd6 Nxd6 25. g3 Qb6 26. a4 Qc5 27. Qh4
Qc3 28. Re3 Qa1+ 29. Kg2 Qg7 30. Qb4 Rc1 31. Qxd6 exd6 32. e7 Rc8 33. Bd5+ 1-0

[Event "Gibraltar Masters 2020"]
[Site "Caleta ENG"]
[Date "2020.01.22"]
[Round "2.79"]
[White "Alboredo, Julia"]
[Black "Percivaldi, Martin"]
[Result "1/2-1/2"]
[WhiteTitle "WFM"]
[BlackTitle "IM"]
[WhiteElo "2190"]
[BlackElo "2403"]
[WhiteFideId "2124807"]
[BlackFideId "1508148"]
[EventDate "2020.01.21"]

1. e4 e5 2. Nf3 Nf6 3. Nxe5 d6 4. Nf3 Nxe4 5. Nc3 Nxc3 6. dxc3 Be7 7. Be3 O-O 8.
Qd2 Nd7 9. O-O-O c6 10. h4 d5 11. Bd3 Nf6 12. Bg5 Re8 13. Kb1 Bg4 14. Rde1 h6
15. Bxh6 Ne4 16. Qf4 f5 17. Bg5 Bd6 18. Qc1 Qb6 19. Bxe4 fxe4 20. Be3 c5 21. Ng5
Be5 22. Bd2 Qf6 23. f3 exf3 24. gxf3 Bh5 25. f4 Bd6 26. c4 dxc4 27. Bc3 Bxf4 28.
Bxf6 Bxc1 29. Kxc1 Rxe1+ 30. Rxe1 gxf6 31. Ne4 Rf8 32. Rg1+ Kh7 33. Nxc5 b6 34.
Ne6 Re8 35. Nf4 Bf7 36. Kd2 Re4 37. Rf1 Kg7 38. Rg1+ Kh6 39. Rf1 Kg7 40. Rg1+
Kh6 41. Rf1 b5 42. a3 a5 43. Ne2 Kg6 44. Nf4+ Kg7 45. Rg1+ Kh6 46. Rf1 f5 47.
Ne2 Kg6 48. Rf4 Re5 49. Rd4 Re7 50. Nf4+ Kf6 51. c3 Re8 52. Ne2 Bh5 53. Nf4 Bf3
54. a4 Rb8 55. axb5 Rxb5 56. Ke3 Be4 57. Rxc4 Rxb2 58. Ra4 Rc2 59. Ne2 Bg2 60.
Rxa5 Bf1 61. Nd4 Rxc3+ 62. Kf4 Bd3 63. h5 Rc1 64. Nf3 Rf1 65. Ke3 f4+ 66. Kxd3
Rxf3+ 67. Ke4 Rf1 1/2-1/2

[Event "Gibraltar Masters 2020"]
[Site "Caleta ENG"]
[Date "2020.01.22"]
[Round "2.80"]
[White "Sukandar, Irine Kharisma"]
[Black "Mohota, Nisha"]
[Result "1/2-1/2"]
[WhiteTitle "IM"]
[BlackTitle "IM"]
[WhiteElo "2402"]
[BlackElo "2201"]
[WhiteFideId "7101937"]
[BlackFideId "5004330"]
[EventDate "2020.01.21"]

1. e4 e5 2. Nf3 Nc6 3. d4 exd4 4. Nxd4 Nf6 5. Nxc6 bxc6 6. e5 Qe7 7. Qe2 Nd5 8.
h4 a5 9. c4 Ba6 10. g3 f6 11. b3 fxe5 12. Bb2 Kf7 13. Nd2 Nf6 14. Bg2 Bb7 15.
O-O-O a4 16. Rhe1 axb3 17. axb3 d6 18. f4 exf4 19. Qf1 Qd8 20. Qxf4 Be7 21. g4
Rf8 22. g5 Kg8 23. Qe3 Rf7 24. Bh3 Kh8 25. gxf6 Bxf6 26. Bxf6 Qxf6 27. Rf1 Re7
28. Rxf6 Rxe3 29. Rf3 Rxf3 30. Nxf3 c5 31. Ng5 h6 32. Ne6 Ra1+ 33. Kd2 Ra2+ 34.
Ke1 Rh2 35. Rd3 Bc8 36. Nf4 Bxh3 37. Rxh3 Rxh3 38. Nxh3 Kg8 39. Kf2 Kf7 40. Kf3
g6 41. Nf4 c6 42. Kg4 Kf6 43. Nd3 Ke6 44. Kf4 Kf6 45. Nf2 g5+ 46. hxg5+ hxg5+
47. Ke3 Ke5 48. Nd3+ Kf5 49. b4 cxb4 50. Nxb4 c5 51. Nd5 Ke5 52. Nc3 Kf5 53. Nd5
Ke5 54. Nb6 Kf5 55. Kf3 Ke5 56. Kg4 Kd4 57. Kxg5 d5 58. cxd5 Ke5 59. Kg4 c4 60.
Kf3 c3 61. Ke3 c2 62. Kd2 Kd6 63. Kxc2 Kc5 64. Kd3 Kxb6 65. Ke4 Kc7 66. Ke5 Kd7
67. d6 Kd8 68. Ke6 Ke8 1/2-1/2

[Event "Gibraltar Masters 2020"]
[Site "Caleta ENG"]
[Date "2020.01.22"]
[Round "2.81"]
[White "Podetti, Davide"]
[Black "Houska, Jovanka"]
[Result "1/2-1/2"]
[BlackTitle "IM"]
[WhiteElo "2187"]
[BlackElo "2401"]
[WhiteFideId "893617"]
[BlackFideId "405094"]
[EventDate "2020.01.21"]

1. e4 c6 2. d4 d5 3. exd5 cxd5 4. Bd3 g6 5. c3 Bf5 6. Bxf5 gxf5 7. Nf3 Nc6 8.
Bf4 e6 9. Nbd2 Bd6 10. Bxd6 Qxd6 11. Qe2 Nge7 12. Nb3 Qf4 13. Nc5 b6 14. g3 Qg4
15. h3 Qh5 16. Nd3 Qh6 17. Nfe5 Rc8 18. Nxc6 Nxc6 19. Nf4 O-O 20. Qe3 Rfe8 21.
O-O-O Na5 22. Nxd5 Qg7 23. Nf4 Nc4 24. Qf3 b5 25. Nd3 Qxd4 26. cxd4 Ne5+ 27. Kd2
Nxf3+ 28. Ke3 Ng5 29. Rc1 Ne4 30. Rxc8 Rxc8 31. Rc1 Rxc1 32. Nxc1 Nf6 33. Nd3
Nd5+ 34. Kd2 Kf8 35. Nf4 Nb6 36. Kc3 a5 37. Nd3 f6 38. Nc5 Ke7 39. a4 bxa4 40.
Nb7 f4 41. Nxa5 fxg3 42. fxg3 Nd5+ 43. Kd3 f5 1/2-1/2

[Event "Gibraltar Masters 2020"]
[Site "Caleta ENG"]
[Date "2020.01.22"]
[Round "2.82"]
[White "Sankalp, Gupta"]
[Black "Onabogun, Kolade"]
[Result "1-0"]
[WhiteTitle "IM"]
[WhiteElo "2400"]
[BlackElo "2198"]
[WhiteFideId "5097010"]
[BlackFideId "8500410"]
[EventDate "2020.01.21"]

1. Nf3 c5 2. b3 Nc6 3. Bb2 d5 4. e3 a6 5. d4 cxd4 6. Nxd4 Nf6 7. Nxc6 bxc6 8. c4
e6 9. Nd2 Bd6 10. Qc2 O-O 11. Bd3 e5 12. e4 Qe7 13. cxd5 cxd5 14. exd5 e4 15.
Be2 e3 16. fxe3 Nxd5 17. Qe4 Nxe3 18. Qxe7 Bxe7 19. Bf3 Rb8 20. Ke2 Bg5 21. Ne4
Bh6 22. Bc1 Re8 23. Bxe3 Bxe3 24. Kxe3 f5 25. Rhd1 Bb7 26. Rd4 Re7 27. Rc1 Rbe8
28. Rcc4 a5 29. Kf4 fxe4 30. Bxe4 g5+ 31. Kf3 Rf8+ 32. Kg3 h5 33. Bxb7 Re3+ 34.
Bf3 g4 35. Rf4 1-0

[Event "Gibraltar Masters 2020"]
[Site "Caleta ENG"]
[Date "2020.01.22"]
[Round "2.83"]
[White "Trent, Lawrence"]
[Black "Ajele, Rotimi"]
[Result "1-0"]
[WhiteTitle "IM"]
[WhiteElo "2383"]
[BlackElo "2188"]
[WhiteFideId "408638"]
[BlackFideId "8502994"]
[EventDate "2020.01.21"]

1. d4 Nf6 2. Nc3 d5 3. Bf4 g6 4. e3 Bg7 5. h4 h5 6. Nf3 Bg4 7. Qd2 c6 8. Ne5
Nbd7 9. f3 Bf5 10. O-O-O Nxe5 11. Bxe5 Bh6 12. Kb1 b5 13. Bd3 Be6 14. Ne2 Qb6
15. Nf4 Bd7 16. Qe1 O-O-O 17. Bf1 Rhe8 18. a4 Bf5 19. axb5 cxb5 20. Qb4 a6 21.
Bd3 Bxf4 22. Bxf4 Kb7 23. Qb3 Rc8 24. Be5 Red8 25. Bxf5 gxf5 26. Qd3 Qe6 27.
Bxf6 Qxf6 28. e4 fxe4 29. fxe4 Qg6 30. exd5 Qxg2 31. Rhg1 Qxd5 32. Rg5 Qc4 33.
Qe4+ Kb8 34. Rxh5 e6 35. Rg5 f5 36. Qd3 Qxd3 37. Rxd3 Rh8 38. h5 Rcg8 39. Rxg8+
Rxg8 40. Rh3 Rh8 41. Kc1 Kc7 42. Kd2 Kd6 43. Ke3 e5 44. h6 Rh7 45. Rh5 Ke6 46.
dxe5 Kxe5 47. b4 Kf6 48. Kf4 Kg6 49. Rh1 Kf6 50. Ra1 Ra7 51. h7 Kg7 52. Kxf5
Kxh7 53. Ke6 Rg7 54. Kd6 Rf7 55. c3 Kg7 56. Kc5 Rc7+ 57. Kb6 Rxc3 58. Kxa6 Rc8
59. Kxb5 Rb8+ 60. Kc5 Kf6 61. Re1 Rc8+ 62. Kd6 Rd8+ 63. Kc7 1-0